Imágenes a la deriva (Registro nro. 304619)

Detalles MARC
000 -ENCABEZADO
Número de control [NR] 01246nam a2200253 4500
005 - FECHA Y HORA DE LA ÚLTIMA TRANSACCIÓN
control field 20160912151903.0
008 - DE LONGITUD FIJA DE DATOS DE ELEMENTOS - INFORMACIÓN GENERAL
Elementos de longitud fija [NR] 160912s2009 ck ab||| |||| 001 0 spa d
040 ## - FUENTE DE CATALOGACION [NR]
Agencia de catalogación original [NR] CO-BoUCM
Idioma de catalogación [NR] spa
Quien Cataloga Sandra Yazo
Quien Clasifica Sandra Yazo
041 0# - CODIGO DE IDIOMA [R]
Código de idioma para texto/pista de sonido o título separado [R] Español
082 04 - NUMERO DE CLASIFICACION DECIMAL DEWEY [R]
Número de la edición [NR] 20
Número de clasificación [R] 526
092 ## - SIGNATURA TOPOGRAFICA LOCAL
Número de clasificación local E63N067
100 1# - ASIENTO PRINCIPAL--NOMBRE PERSONAL [NR]
Nombre personal [NR] Tovar Pinzón, Hermes
ID Autoridad 61890
245 10 - MENCION DE TITULO [NR]
Título [NR] Imágenes a la deriva
Parte restante del título [NR] Los mapas o las habitaciones del pasado y la nostalgia
Mención de responsabilidad, etc. [NR] Hermes Tovar Pinzón
260 ## - PUBLICACION, DISTRIBUCION, ETC. (PIE DE IMPRENTA) [R]
Lugar de publicación, distribución, etc. [R] Bogotá (Colombia)
Nombre del editor, distribuidor, etc. [R] Archivo General de la Nación
Fecha de publicación, distribución, etc. [R] 2009
300 ## - DESCRIPCION FISICA [R]
Extensión [R] 116 páginas
Dimensiones [R] 34 x 25 cm
500 ## - NOTA GENERAL [R]
Nota general [NR] Detalles física: Encuadernación flexible en cartulina, tapas con datos de publicación. Portada sencilla. Texto impreso en una sola columna. Mapas entre el texto, algunos de página entera y a color
505 1# - NOTA DE CONTENIDO CON FORMATO PREESTABLECIDO [R]
Nota de contenido con formato preestablecido [NR] Presentación ; Introducción ; Los mapas o la idea de nación ; Los mapas … Isla del rumor ; La nostalgia de lo local ; Cartografía e iconografía ; Conclusiones ; Bibliografía
506 ## - NOTA DE RESTRICCIONES DE ACCESO [R]
Condiciones de acceso [NR] Consulta en sala
610 2# - ASIENTO SECUNDARIO DE MATERIA - NOMBRE CORPORATIVO [R]
Nombre corporativo o nombre de la jurisdicción como elemento de entrada [NR] Archivo General de la Nación
Subdivisión general [R] Mapas
Subdivisión geográfica [R] Colombia
9 (RLIN) 79944
650 #7 - ASIENTO SECUNDARIO DE MATERIA - TERMINO TEMATICO [R]
9 (RLIN) 10555
Término temático o nombre geográfico como elemento de entrada [NR] Cartografía
Subdivisión geográfica [R] Colombia
650 #7 - ASIENTO SECUNDARIO DE MATERIA - TERMINO TEMATICO [R]
9 (RLIN) 18946
Término temático o nombre geográfico como elemento de entrada [NR] Mapas
Subdivisión general [R] Fuentes
Subdivisión geográfica [R] Colombia
690 ## - ASUNTO AGREGADO LOCAL DE ENTRADA - TÉRMINO TEMÁTICO (OCLC, RLIN)
Acceso temático local Bibliotecología
9 (RLIN) 10049
942 ## - ELEMENTOS DE ENTRADA AGREGADOS (KOHA)
Sistema de clasificación LOCAL
Tipo de ítem principal el descrito en 300a Libro
Edición 1
Clasificación E63N067
Existencias
Suprimido Perdido Sistema de clasificación Dañado No prestable Tipo de ítem específico Ubicación habitual Ubicación actual Localización Fecha de creación Forma de adquisición Costo Total préstamos Signatura topográfica Código de barras Última vez visto Ejemplar Price effective from Tipo de ítem
    LOCAL     Libro archivo Archivo Histórico Archivo Histórico Archivo histórico 12/09/2016 Donación 0.00   E63N067 L005866 12/09/2016 Ej.1 12/09/2016 Libro